| 000 | 00896nam a2200265Ia 4500 | ||
|---|---|---|---|
| 003 | OSt | ||
| 005 | 20220926005903.0 | ||
| 006 | a|||||r|||| 00| 0 | ||
| 007 | ta | ||
| 008 | 220923b |||||||| |||| 00| 0 eng d | ||
| 020 | _a8179930041 | ||
| 037 | _cGeneral Book | ||
| 040 |
_aRTL _cRTL _beng |
||
| 041 |
_2eng _aeng |
||
| 082 | _aU475:(G:55), P2 | ||
| 100 |
_aVasudeva Gurneeta Ed. _9263959 |
||
| 245 | 0 |
_aJohannesburg and beyond _b Towards concrete action |
|
| 260 |
_a New Delhi _bTERI (Tata Energy Research Institute) India _c2002 |
||
| 300 |
_axvi, 254p _ccm. |
||
| 490 | _aColloquium on Global Partnerships for Sustainable Development. Tata Energy and Resources Institute | ||
| 650 | _aSocial Geography | ||
| 700 |
_a Pachauri R K Ed. _9263958 |
||
| 942 |
_hU475:(G:55), P2 _cGB _2CC |
||
| 999 |
_c615613 _d615613 |
||